000 00391nmm a2200145Ia 4500
008 251105s9999||||xx |||||||||||||||||und||
041 _aspa
100 _aCaminha, Adolfo
245 0 _aBuen criollo
264 _a[Madrid, España] :
_bEditorial Egales,
_c2019
300 _a176 páginas
490 _aNarrativa
856 _uhttps://public.digitaliapublishing.com/a/160843
942 _cCF
999 _c100223
_d100223